2024 F1 Grid - Statistics

General Stats
  • This quiz has been taken 349 times
  • The average score is 19 of 20
Answer Stats
Team Nationality Answer % Correct
Ferrari Monégasque Charles Leclerc
99%
Red Bull Dutch Max Verstappen
99%
Ferrari Spanish Carlos Sainz
98%
Mercedes British Lewis Hamilton
98%
McLaren British Lando Norris
97%
Red Bull Mexican Sergio Perez
97%
Mercedes British George Russell
96%
McLaren Australian Oscar Piastri
96%
Aston Martin Spanish Fernando Alonso
95%
Stake Finnish Valtteri Bottas
95%
RB Japanese Yuki Tsunoda
94%
Williams Thai Alexander Albon
93%
Alpine French Esteban Ocon
93%
Aston Martin Canadian Lance Stroll
93%
Haas German Nico Hulkenberg
93%
Alpine French Pierre Gasly
93%
Stake Chinese Zhou Guanyu
93%
RB Australian Daniel Ricciardo
92%
Williams American Logan Sargeant
90%
Haas Danish Kevin Magnussen
89%
No matching quizzes found
Score Distribution
Percent of People with Each Score
Percentile by Number Answered
Your Score History
You have not taken this quiz